Pravěk Stříbrska : průvodce archeologickými sbírkami Vlastivědného muzea ve Stříbře /

Hlavní autor: Šaldová-Štefanová, Věra, 1922-
Jazyk: Čeština
Vydáno: Stříbro : Vlastivědné muzeum, 1967
Externí odkaz: Digitalizovaný dokument
Fyzický popis: 37, [1] s., 14 s. obr. příl. : il., mapy ; 21 cm
Language note: Německé resumé
Knihy
Uloženo v:
LEADER 01107nam a22002772a 4500
001 000930441
003 CZ BrMZK
005 20251103081429.0
007 ta
008 090216s1967 xr abf er 000 0 cze d
015 |a cnb000493867 
035 |a (OCoLC)42118046 
040 |a ABA001  |b cze  |c BOA001  |d ABA001 
041 1 |a cze  |b ger 
080 9 |a 571(437.1-3 Stříbro):069.5(437.1 Stříbro)(083.81) 
100 1 |a Šaldová-Štefanová, Věra,  |d 1922-  |7 jk01122429  |4 aut 
245 1 0 |a Pravěk Stříbrska :  |b průvodce archeologickými sbírkami Vlastivědného muzea ve Stříbře /  |c Věra Šaldová ; kresby Věra Farníková 
260 |a Stříbro :  |b Vlastivědné muzeum,  |c 1967 
300 |a 37, [1] s., 14 s. obr. příl. :  |b il., mapy ;  |c 21 cm 
504 |a Obsahuje bibliografii 
546 |a Německé resumé 
856 4 1 |u http://www.digitalniknihovna.cz/mzk/uuid/uuid:3c3d7560-0ffc-11ee-8c4d-5ef3fc9bb22f  |y Digitalizovaný dokument  |x NDK 
910 |a BOA001  |b X-0606.516 
990 |a BK 
991 |b 200902 
996 6 |b 2619256511  |c X-0606.516  |l MZK  |r Sklad / do 24 hodin  |n 3  |w 000930441  |u 000010  |a 1  |e BOA001  |j MZK50  |s P